000 01086nam1a2200289 i 4500
001 RU\NLR\bibl\1071523
005 20260405081048.0
035 _a(NLR Aleph) 001058754
090 _a925059
_c925059
100 _a20070410g20079999u y0rusy50 ca
101 0 _arus
102 _aRU
105 _a||||z |||||
200 1 _aСчет 71: как оформить и списать подотчетные средства...
_eпрактическое пособие
_fКузнецова Г.А.
210 _aМосква
_cА-Приор
_d2007
215 _d20
463 0 _10011064233
606 1 _aПодотчетные суммы
_jПрактические пособия
_xУчет
_92091724
_3RU\NLR\auth\661265980
686 _aУ052.9(2)2-148.21я7
686 _aУ052.9(2)2-149.31я7
700 1 _4070
_8rus
_7ca
_aКузнецова
_bГ. А.
_cэкономист
_gГалина Александровна
_3RU\NLR\auth\7728090
_911121
801 0 _aRU
_bNLR
_c20070410
_gRCR
801 1 _aRU
_bNLR
_c20070410
852 _aNLR
_j2007-3/9322
942 _cBOOK